000 00399nam a22001097a 4500
999 _c6572
_d6572
008 200208b ||||| |||| 00| 0 eng d
020 _a9781853396489
082 _a320. 6 MAK
100 _aHAGUE, CLIFF.
_cHAGUE, CLIFF., WAKELY, PATRICK., CRESPIN, JULIE., AND JASKO, CHRIS.
245 _aMAKING PLANNING WORK:
_bA GUIDE TO APPROACHES A SKILLS
260 _a WARWICKSHIRE,
_bPRACTICAL ACTION PUBLISHING
_c2006.